000 00614nam a2200169 a 4500
001 000025957
005 20200930024201.0
008 110224s1965 xx 000 0 eng d
040 _aDO-SdBNP
_beng
_cBNPHU
082 _axxxxxx
_bxxxxxx
100 1 _aWilliams, Tennessee.
_952834
245 1 0 _aSweet bird of youlth ; A streetcar named desire ; The glass menagerie /
_cTennessee Williams ; edición de E. Martin Browne.
260 _aNew York :
_bPenguin Books,
_c1965.
300 _a313 p. ;
_c18 cm.
563 _aTres obras encuadernadas juntas con paginación continua
700 1 _aBrowne, E. Martin,
_eed.
_952835
999 _c25449
_d25449